Anthropological quarterly
Đã lưu trong:
| Nhiều tác giả của công ty: | , |
|---|---|
| Formáid: | Iriseán |
| Teanga: | English |
| Foilsithe: |
Washington, :
Catholic University of America Press, etc.
|
| Clibeanna: |
Cuir Clib Leis
Gan Chlibeanna, Bí ar an gcéad duine leis an taifead seo a chlibeáil!
|
| Thư viện lưu trữ: | Thư viện Trường Đại học Đà Lạt |
|---|
| LEADER | 00687nam a2200265 4500 | ||
|---|---|---|---|
| 001 | DLU080061716 | ||
| 022 | # | # | |a 0003-5491 |
| 040 | # | # | |a DLU |b eng |
| 041 | # | # | |a eng |
| 245 | # | # | |a Anthropological quarterly |
| 246 | # | # | |a AQ |
| 260 | # | # | |a Washington, : |b Catholic University of America Press, etc. |
| 300 | # | # | |a v. ; |c 23 cm. |
| 310 | # | # | |a Quarterly |
| 710 | # | # | |a Catholic University of America |b Dept. of Anthropology |
| 710 | # | # | |a George Washington University |b Institute for Ethnographic Research |
| 992 | # | # | |a 0 |
| 994 | # | # | |a DLU |
| 900 | # | # | |a True |
| 911 | # | # | |a Lưu Ngọc Hà |
| 925 | # | # | |a G |
| 926 | # | # | |a A |
| 927 | # | # | |a TT |
| 980 | # | # | |a Thư viện Trường Đại học Đà Lạt |